000 00265nam a22001217a 4500
008 170620b xxu||||| |||| 00| 0 eng d
041 _aeng
080 _a94(100)
100 _a18
101 _aSHH
245 _aTHE AMERICAN HISTORY
_cHOPE.J
942 _2udc
_cBK
999 _c18359
_d18359